| 000 | 00531nam a22001577a 4500 | ||
|---|---|---|---|
| 003 | OSt | ||
| 005 | 20180604071305.0 | ||
| 008 | 180321b xxu||||| |||| 00| 0 spa d | ||
| 040 | _cPJ | ||
| 100 |
_9111 _aDi Pietro, Alfredo |
||
| 245 |
_aVerbum iuris : _cAlfredo Di Pietro. _bnotas sobre la palabra en el derecho romano / |
||
| 260 |
_aBuenos Aires : _bAbeledo - Perrot, _c1968. |
||
| 500 | _aCitas y notas bibliográficas al pie de algunas páginas. | ||
| 650 | 0 |
_9177 _aFILOSOFIA DEL DERECHO |
|
| 942 |
_cLIB _2udc _h340.12 _iDIP |
||
| 999 |
_c156 _d156 |
||